Developing Uganda / (Record no. 3525)

MARC details
000 -LEADER
fixed length control field 01243cam a2200337 a 4500
001 - CONTROL NUMBER
control field 3560585
003 - CONTROL NUMBER IDENTIFIER
control field OSt
005 - DATE AND TIME OF LATEST TRANSACTION
control field 20160413192807.0
008 - FIXED-LENGTH DATA ELEMENTS--GENERAL INFORMATION
fixed length control field 980424s1998 enkab b 001 0 eng
010 ## - LIBRARY OF CONGRESS CONTROL NUMBER
LC control number 98023026
020 ## - INTERNATIONAL STANDARD BOOK NUMBER
International Standard Book Number 0821412086 (hardcover : alk. paper)
020 ## - INTERNATIONAL STANDARD BOOK NUMBER
International Standard Book Number 0821412094 (pbk. : alk. paper)
040 ## - CATALOGING SOURCE
Original cataloging agency DLC
Transcribing agency DLC
Modifying agency DLC
043 ## - GEOGRAPHIC AREA CODE
Geographic area code f-ug---
050 00 - LIBRARY OF CONGRESS CALL NUMBER
Classification number HC870
Item number .D48 1998
082 00 - DEWEY DECIMAL CLASSIFICATION NUMBER
Classification number 338.9
Edition number 21
Item number DEV 1998
245 00 - TITLE STATEMENT
Title Developing Uganda /
Statement of responsibility, etc. edited by Holger Bernt Hansen & Michael Twaddle.
260 ## - PUBLICATION, DISTRIBUTION, ETC. (IMPRINT)
Place of publication, distribution, etc. Oxford :
Name of publisher, distributor, etc. James Curry ;
Place of publication, distribution, etc. Athens :
Name of publisher, distributor, etc. Ohio University Press,
Date of publication, distribution, etc. 1998.
300 ## - PHYSICAL DESCRIPTION
Extent ix, 293 p. :
Other physical details ill., 1 map ;
Dimensions 23 cm.
490 1# - SERIES STATEMENT
Series statement Eastern African studies
504 ## - BIBLIOGRAPHY, ETC. NOTE
Bibliography, etc Includes bibliographical references and index.
651 #0 - SUBJECT ADDED ENTRY--GEOGRAPHIC NAME
Geographic name Uganda
General subdivision Economic conditions
Chronological subdivision 1979-
9 (RLIN) 4749
651 #0 - SUBJECT ADDED ENTRY--GEOGRAPHIC NAME
Geographic name Uganda
General subdivision Economic policy.
9 (RLIN) 7544
651 #0 - SUBJECT ADDED ENTRY--GEOGRAPHIC NAME
Geographic name Uganda
General subdivision Politics and government
Chronological subdivision 1979-
9 (RLIN) 1129
700 1# - ADDED ENTRY--PERSONAL NAME
Personal name Hansen, Holger Bernt.
9 (RLIN) 7872
700 1# - ADDED ENTRY--PERSONAL NAME
Personal name Twaddle, Michael.
9 (RLIN) 5004
830 #0 - SERIES ADDED ENTRY--UNIFORM TITLE
Uniform title Eastern African studies (London, England)
9 (RLIN) 5008
906 ## - LOCAL DATA ELEMENT F, LDF (RLIN)
a 7
b cbc
c orignew
d 1
e ocip
f 19
g y-gencatlg
942 ## - ADDED ENTRY ELEMENTS (KOHA)
Source of classification or shelving scheme Dewey Decimal Classification
Koha item type Short Loan
Holdings
Withdrawn status Lost status Source of classification or shelving scheme Damaged status Not for loan Home library Current library Date acquired Inventory number Total Checkouts Full call number Barcode Date last seen Price effective from Koha item type
    Dewey Decimal Classification     MUST Main Library MUST Main Library 13/04/2016 2004/21008   338.9 DEV 1998 2016-0847 13/04/2016 13/04/2016 Short Loan
    Dewey Decimal Classification     MUST Main Library MUST Main Library 13/04/2016 2004/21009   338.9 DEV 1998 2016-0848 13/04/2016 13/04/2016 Short Loan
    Dewey Decimal Classification     MUST Main Library MUST Main Library 13/04/2016 2003/19143   338.9 DEV 1998 2016-0849 13/04/2016 13/04/2016 Short Loan